| 000 | 01296nam a22001217a 4500 | ||
|---|---|---|---|
| 020 | _a978-1639875610 | ||
| 040 |
_adlc _cdlc _ddlc |
||
| 082 |
_2307.76 DIE _a23 |
||
| 245 |
_aUrban Geography _bby IAN DIEGO |
||
| 260 |
_a. _bMurphy & Moore Publishing _c2022 |
||
| 521 | _aThe branch of geography concerned with the cities, urban life, built environment and urban processes is known as urban geography. It attempts to understand the flow of natural and economic resources, development of infrastructure, governance, institutional activities and socio-spatial inclusions and exclusions. Some of the major areas of study under this discipline are urban planning, urban anthropology and urban sociology. On the basis of their roles in the city system, urban geography classifies cities into central places and specialized-function cities, transportation cities. Central places act as the service centers for local hinterlands. Functions such as mining, manufacturing, etc. are undertaken by specialized function cities. This book presents the complex subject of urban geography in the most comprehensible and easy to understand language. It elucidates new techniques and their applications in a multidisciplinary approach. This book will provide comprehensive knowledge to the readers. | ||
| 942 |
_2ddc _cBK |
||
| 999 |
_c593716 _d593716 |
||